000 00591nam a22001937a 4500
003 OSt
005 20260129124108.0
008 240709b |||||||| |||| 00| 0 eng d
020 _a1292022566
040 _cChuka University Library.
050 _aQC 355.3
_b.P43 2014
100 _aPedrotti, Frank L., Leno M. Pedrotti and Leno S. Pedrotti
_916535
245 _aPearson New International Edition: Introduction to Optics
250 _a3rd ed.
260 _aEngland.
_bPearson Education Limited
_c2014
300 _a665p.
_bIllustrated.
650 _aOptics.
_98722
942 _2lcc
_cBK
_n0
_01
999 _c17692
_d17692